50 største danske virksomheder - Statistics

General Stats
  • This quiz has been taken 5 times
  • The average score is 8 of 50
Answer Stats
Omsætning (mia. kr.) Virksomhed % Correct
74 Lego
100%
290 Novo Nordisk
100%
396 A.P. Møller-Mærsk
80%
103 Arla
40%
75 Carlsberg
40%
27 Coloplast
40%
167 DSV
40%
48 Lars Larsen Group (Jysk)
40%
32 Pandora
40%
36 Bestseller
20%
34 Coop Danmark
20%
72 Danfoss
20%
46 Danish Agro
20%
68 Danish Crown
20%
22 Demant
20%
22 Genmab
20%
18 GN Store Nord
20%
84 ISS
20%
22 Lundbeck
20%
29 Novonesis
20%
71 Ørsted
20%
29 Rockwool
20%
72 Salling Group
20%
20 WSAudiology
20%
84 Andel
0%
20 Dagrofa
0%
18 Danske Commodities
0%
30 DFDS
0%
56 DLG
0%
17 Egmont
0%
20 FLSmidth
0%
33 Grundfos
0%
16 Hempel
0%
28 Kalundborg Refinery
0%
32 Monjasa
0%
24 NKT
0%
29 Norden
0%
32 OK
0%
22 Per Aarsleff
0%
18 Rambøll Gruppen
0%
28 Rema 1000
0%
35 Schouw & Co.
0%
28 Semler
0%
18 SGL Group
0%
27 Siemens Gamesa Renewable Energy
0%
58 Stark Group
0%
20 Ultranav International
0%
110 United Shipping & Trading Company
0%
129 Vestas Wind Systems
0%
29 VKR
0%
No matching quizzes found
Score Distribution
Percent of People with Each Score
Percentile by Number Answered
Your Score History
You have not taken this quiz